MARC details
| 000 -LEADER |
| fixed length control field |
01395nam a2200265 a 4500 |
| 008 - FIXED-LENGTH DATA ELEMENTS--GENERAL INFORMATION |
| fixed length control field |
190516s2013 ||||||||||||||||| || u |
| 020 ## - INTERNATIONAL STANDARD BOOK NUMBER |
| International Standard Book Number |
9781905783786 (hardback) |
| 020 ## - INTERNATIONAL STANDARD BOOK NUMBER |
| International Standard Book Number |
1905783787 (hardback) |
| 050 ## - LIBRARY OF CONGRESS CALL NUMBER |
| Classification number |
K 87 Oil |
| 100 ## - MAIN ENTRY--PERSONAL NAME |
| Personal name |
Hammerson, Marc |
| 245 10 - TITLE STATEMENT |
| Title |
Oil and gas decommissioning : law, policy and comparative practice |
| Statement of responsibility, etc |
consulting editor Marc Hammerson. |
| 260 ## - PUBLICATION, DISTRIBUTION, ETC. (IMPRINT) |
| Place of publication, distribution, etc |
London |
| Name of publisher, distributor, etc |
Globe Law and Business |
| Date of publication, distribution, etc |
2013 |
| 260 ## - PUBLICATION, DISTRIBUTION, ETC. (IMPRINT) |
| Place of publication, distribution, etc |
London |
| Name of publisher, distributor, etc |
Globe Business Publishing |
| Date of publication, distribution, etc |
2013 |
| 300 ## - PHYSICAL DESCRIPTION |
| Extent |
391 pages : illustrations |
| 336 ## - CONTENT TYPE |
| Content type term |
|
| Source |
rdacontent |
| 337 ## - MEDIA TYPE |
| Media type term |
|
| Source |
rdamedia |
| 338 ## - CARRIER TYPE |
| Carrier type term |
Volume |
| Source |
rdacarrier |
| 350 ## - |
| -- |
83.70 |
| 500 ## - GENERAL NOTE |
| General note |
Includes bibliographical references. |
| 650 #0 - SUBJECT ADDED ENTRY--TOPICAL TERM |
| Topical term or geographic name as entry element |
PETROLEUM INDUSTRY AND TRADE |
| 995 ## - RECOMMENDATION 995 [LOCAL, UNIMARC FRANCE] |
| -- |
CBU-MAIN LIBRARY (Kitwe) |
| -- |
83.70 |
| -- |
2 |
| -- |
AVAILABLE |
| -- |
May 16, 2019 |
| -- |
Annex Low-Usage Collection |
| 995 ## - RECOMMENDATION 995 [LOCAL, UNIMARC FRANCE] |
| -- |
CBU-MAIN LIBRARY (Kitwe) |
| -- |
83.70 |
| -- |
3 |
| -- |
AVAILABLE |
| -- |
May 16, 2019 |
| -- |
Annex Low-Usage Collection |
| 995 ## - RECOMMENDATION 995 [LOCAL, UNIMARC FRANCE] |
| -- |
CBU-MAIN LIBRARY (Kitwe) |
| -- |
83.70 |
| -- |
1 |
| -- |
AVAILABLE |
| -- |
May 16, 2019 |
| -- |
Annex Low-Usage Collection |
| 995 ## - RECOMMENDATION 995 [LOCAL, UNIMARC FRANCE] |
| -- |
CBU-MAIN LIBRARY (Kitwe) |
| -- |
83.70 |
| -- |
4 |
| -- |
AVAILABLE |
| -- |
May 16, 2019 |
| -- |
Annex Low-Usage Collection |